|
|
|
|
| LEADER |
00000cam a2200000 7i4500 |
| 001 |
0000004547 |
| 005 |
20220105104003.0 |
| 008 |
070730 |
| 020 |
|
|
|a 070971436X
|
| 090 |
0 |
0 |
|a JP
|b ENG (3951)
|
| 100 |
1 |
|
|a Spurgeon, Maureen
|
| 245 |
1 |
0 |
|a Tell me a story
|c Maureen Spurgeon;illustrated by Jane Swift and Stephen Holmes
|
| 260 |
|
|
|a England :
|b Brown Watson
|
| 500 |
|
|
|a Children age 4-6 years old (yellow)
|
| 650 |
|
0 |
|a Junior preschool
|x English
|x Languages
|
| 700 |
0 |
|
|a Holmes, Stephan
|
| 700 |
0 |
|
|a Swift,Jane
|
| 999 |
|
|
|a 0000972068
|b Book
|c Children Collection
|e Perbadanan Perpustakaan Awam Johor
|
| 999 |
|
|
|a 0000981765
|b Book
|c Children Collection
|e Perbadanan Perpustakaan Awam Johor
|
| 999 |
|
|
|a 0000981766
|b Book
|c Children Collection
|e Perbadanan Perpustakaan Awam Johor
|
| 999 |
|
|
|a 0000981767
|b Book
|c Children Collection
|e Perbadanan Perpustakaan Awam Johor
|